1469 1984 1483 1370 1264 1277 1062 1860 1699 1530 1410 1855 1516 1364 1933 1041 1687 1487 1209 1101 1839 1734 1998 1407 1834 1165 1314 1793 1000 1554 1077 1336 1622 1934 1680 1304 1412 1421 1632 1106 1764 1709 1292 1909 1658 1226 1059 1499 1386 1511 1467 1585 1853 1289 1834 1950 1668 1676 1160 1252 1047 1554 1041 1788 1485 1493 1114 1831 1083 1451 1516 1514 1060 1142 1775 1039 1874 1930 1645 1342 1016 1081 1913 1097 1032 1914 1950 1732 1618 1230 1270 1216 1862 1058 1864 1637 1236 1010 1632 BCNSPRNW ULIB Ver.6.0+V

เปลี่ยนเป็นภาษาไทย

Change to English
 แสดงรายละเอียดบรรณานุกรม
  กลับหน้าหลัก

Brief Record : Get Marc (ISO 2709) : E-mail record : QR code < ปิดหน้าต่าง
LEADER : 00000nam 2200000uu 4500
001    13399108899
003     ULIB
008    110316s2547||||th 000 0 tha d
020    9744657162
060  4 WY85^bพ798น 2547
100 0  เพ็ญศรี พงษ์ประภาพันธ์
110 1  วิทยาลัยพยาบาลบรมราชชนนี นครพนม
245 00 แนวคิดทฤษฎีทางจริยธรรมการนำไปใช้ในวิชาชีพพยาบาล^cเพ็ญศรี พงษ์ประภาพันธ์
260    นครพนม^bวิทยาลัยพยาบาลบรมราชชนนี นครพนม^c2547
300    84 หน้า
650  7 จรรยาบรรณ^xพยาบาล
945    ^p0^l0^i016652
995    เกษร
999 ^a ใช้งานได้ทุกระบบ
รายการนี้ยังไม่มีแท็ก
คุณยังไม่ได้ล็อกอิน คุณสามารถมีกิจกรรมร่วมกับเว็บไซต์ได้ แต่ต้องล็อกอินก่อน ::
  ล็อกอิน

รายการสื่อสารสนเทศ

ลำดับที่ ประเภท เลขเรียก/บาร์โค้ด สถานที่ สถานะ
- ไม่พบข้อมูล -

BibComment


ยังไม่เคยถูกคอมเมนท์

คอมเมนท์ทรัพยากรรายการนี้
  คอมเมนท์: แนวคิดทฤษฎีทางจริ..


 Copyright 2026. Bcnsprnw @Library